[Event "EUCup 17th"]
[Site "Panormo"]
[Date "2001.09.26"]
[Round "4"]
[White "Svidler, Peter"]
[Black "Nikolic, Predrag"]
[Result "1-0"]
[WhiteElo "2695"]
[BlackElo "2652"]
[PlyCount "91"]
[EventDate "2001.09.22"]
[Source "ChessBase"]
[SourceDate "2001.10.26"]

1. e4 e6 2. d4 d5 3. Nc3 Bb4 4. e5 c5 5. a3 Bxc3+ 6. bxc3 Qc7 7. Qg4 f6 8. Nf3 c4 9. Be2 Nc6 10. Qg3 Qf7 11. O-O Nge7 12. exf6 gxf6 13. Nh4 Rg8 14. Qd6 Ng6 15. Bh5 Bd7 16. Qc7 Bc8 17. Qd6 Bd7 18. Bf4 Qe7 19. Nf5 Qxd6 20. Nxd6+ Ke7 21. Bxg6 Rxg6 22. Nxb7 e5 23. Rfe1 Bc8 24. Rab1 Rb8 25. Na5 Rxb1 26. Nxc6+ Kf7 27. Rxb1 exf4 28. Nxa7 Bf5 29. Rb7+ Kf8 30. Nc6 Be4 31. g3 f5 32. Ne5 Ra6 33. f3 Bxc2 34. Nd7+ Ke8 35. Nb6 Rxa3 36. Nxd5 Bd1 37. Nc7+ Kd8 38. Ne6+ Kc8 39. Rc7+ Kb8 40. d5 Ra6 41. Rxc4 fxg3 42. Rf4 gxh2+ 43. Kxh2 Ra3 44. d6 Kc8 45. Rd4 Ba4 46. Rxa4 1-0

[Event "SLO-chT"]
[Site "Celje"]
[Date "2004.12.03"]
[Round "6"]
[White "Volokitin, Andrei"]
[Black "Nikolic, Predrag"]
[Result "1/2-1/2"]
[WhiteElo "2652"]
[BlackElo "2676"]
[PlyCount "32"]
[EventDate "2004.11.29"]
[Source "Roberto Alvarez"]
[SourceDate "2004.12.06"]

1. e4 e6 2. d4 d5 3. Nc3 Bb4 4. e5 c5 5. a3 Bxc3+ 6. bxc3 Qc7 7. Qg4 f5 8. Qh5+ g6 9. Qd1 Bd7 10. a4 Nc6 11. Ne2 Na5 12. h4 h6 13. Nf4 Ne7 14. Bb5 Kf7 15. O-O Bxb5 16. axb5 Nc4 1/2-1/2

[Event "Reykjavik op 19th"]
[Site "Reykjavik"]
[Date "2000.04.09"]
[Round "5"]
[White "Stefansson, Hannes"]
[Black "Short, Nigel D"]
[Result "1/2-1/2"]
[WhiteElo "2566"]
[BlackElo "2683"]
[PlyCount "62"]
[EventDate "2000.04.05"]
[Source "ChessBase"]
[SourceDate "2000.05.11"]

1. e4 e6 2. d4 d5 3. Nc3 Bb4 4. e5 c5 5. a3 Bxc3+ 6. bxc3 Qc7 7. Qg4 f5 8. Qh5+ g6 9. Qd1 Bd7 10. Nf3 cxd4 11. cxd4 Ba4 12. Bd3 Qc3+ 13. Bd2 Qxd3 14. cxd3 Bxd1 15. Kxd1 h6 16. h4 Nc6 17. Ke2 Nge7 18. a4 Kf8 19. Rhb1 Rb8 20. a5 Kg7 21. Rb2 b6 22. axb6 Rxb6 23. Rxb6 axb6 24. Kd1 Rb8 25. Kc2 Rb7 26. Ra8 Ra7 27. Rxa7 Nxa7 28. Kb3 Nb5 29. Ka4 Nc7 30. Bb4 Nc6 31. Bd2 Kh7 1/2-1/2

[Event "XXIV ECC"]
[Site "Kallithea GRE"]
[Date "2008.10.19"]
[Round "3"]
[White "Naiditsch, A."]
[Black "Haba, P."]
[Result "1-0"]
[WhiteElo "2678"]
[BlackElo "2546"]
[PlyCount "109"]
[EventDate "2008.10.17"]
[Source "www.chesslib.no"]
[SourceDate "2004.05.04"]

1. e4 e6 2. d4 d5 3. Nc3 Bb4 4. e5 c5 5. a3 Bxc3+ 6. bxc3 Qc7 7. Qg4 f6 8. Qg3 Nc6 9. Nf3 Qf7 10. dxc5 Nge7 11. Bd3 O-O 12. O-O Nxe5 13. Nxe5 fxe5 14. Qxe5 Nc6 15. Qe1 e5 16. f4 e4 17. Be2 d4 18. Bb2 d3 19. cxd3 exd3 20. Bxd3 Bf5 21. Bxf5 Qxf5 22. Qf2 Rae8 23. c4 Re4 24. g3 Rxc4 25. Rac1 Rxc1 26. Rxc1 Rd8 27. Qc2 Qxc2 28. Rxc2 Rd3 29. Bc3 Rd5 30. Bb2 Rd3 31. Kf2 Rb3 32. Rd2 Kf7 33. Ke2 h5 34. Kd1 g6 35. Kc2 Rb5 36. Bc3 Rxc5 37. Rd7+ Ke6 38. Rxb7 g5 39. fxg5 Rxg5 40. Rh7 Rf5 41. Kd3 Kd5 42. Ke3 a6 43. Rh6 a5 44. h3 a4 45. h4 Na7 46. Rb6 Kc4 47. Bb4 Rd5 48. Ra6 Nb5 49. Rxa4 Rd3+ 50. Ke4 Rd4+ 51. Kf5 Rd5+ 52. Kg6 Nd4 53. Ra5 Ne2 54. Rxd5 Kxd5 55. Be1 1-0

[Event "Bundesliga 2007-8"]
[Site "Eppingen GER"]
[Date "2007.12.08"]
[Round "5"]
[White "Landa, K."]
[Black "Braun, A."]
[Result "1-0"]
[WhiteElo "2678"]
[BlackElo "2541"]
[PlyCount "103"]
[EventDate "2007.10.19"]
[Source "www.chesslib.no"]
[SourceDate "2004.05.04"]

1. e4 e6 2. d4 d5 3. Nc3 Bb4 4. e5 c5 5. a3 Bxc3+ 6. bxc3 Qc7 7. Qg4 f5 8. Qh5+ g6 9. Qd1 b6 10. Nf3 cxd4 11. cxd4 Ba6 12. Bd3 Bxd3 13. cxd3 Ne7 14. Bd2 Nbc6 15. Rc1 h6 16. h4 Qb7 17. Rc3 Rc8 18. Qc1 Ng8 19. O-O Rh7 20. Qc2 Rhc7 21. Rc1 Kd8 22. Qb2 Qa6 23. R1c2 Kd7 24. Qc1 h5 25. Bg5 Qb7 26. Bf6 Nce7 27. Ng5 Rxc3 28. Rxc3 Rxc3 29. Qxc3 Qc6 30. Qd2 Qa4 31. Nh7 Qxd4 32. Qg5 Qa1+ 33. Kh2 Qxa3 34. Nf8+ Kc6 35. Nxg6 Nxg6 36. Qxg6 Qf8 37. Bg5 Kd7 38. Qxh5 a5 39. Qh7+ Kc6 40. Qg6 Kd7 41. h5 a4 42. h6 Nxh6 43. Bxh6 Qe7 44. Bg5 Qf8 45. g3 a3 46. Kg2 d4 47. Qh7+ Kc6 48. Qa7 Qc5 49. Qa8+ Kd7 50. Qd8+ Kc6 51. Qe8+ Kb7 52. Qxe6 1-0

[Event "Deutschland"]
[Site "?"]
[Date "1999.??.??"]
[Round "?"]
[White "Hracek, Z."]
[Black "Agdestein, S."]
[Result "0-1"]
[WhiteElo "2625"]
[BlackElo "2580"]
[PlyCount "119"]
[EventDate "1999.??.??"]
[Source "Chess Informant"]
[SourceDate "1999.10.01"]

1. e4 e6 2. d4 d5 3. Nc3 Bb4 4. e5 c5 5. a3 Bxc3+ 6. bxc3 Qc7 7. Qg4 f5 8. Qh5+ g6 9. Qd1 b6 10. Nf3 h6 11. h4 Ba6 12. Bxa6 Nxa6 13. Qd3 c4 14. Qd2 O-O-O 15. a4 Ne7 16. Ke2 Nc6 17. Ba3 Rdg8 18. Bd6 Qd8 19. Rag1 Nc7 20. g4 Ne8 21. Ba3 Qd7 22. g5 hxg5 23. Nxg5 Kb7 24. Nf3 Rg7 25. Ra1 Ka8 26. Rhg1 Qd8 27. Qg5 Qd7 28. Qc1 Nc7 29. Rg3 a5 30. Bd6 Ka7 31. Bxc7 Qxc7 32. Qa3 Nd8 33. Rag1 Qf7 34. Rb1 Qe8 35. Rb5 Rb7 36. Qc1 Rh5 37. Qg1 Rg7 38. Rg5 Rxg5 39. Qxg5 Ka6 40. h5 Qg8 41. h6 Rh7 42. Rb1 Qe8 43. Rh1 Qxa4 44. Qxd8 Qxc2+ 45. Kf1 Qe4 46. Rh3 Rxh6 47. Rxh6 Qxf3 48. Qc8+ Kb5 49. Qe8+ Ka6 50. Qa8+ Kb5 51. Qe8+ Ka6 52. Qxg6 Qxc3 53. Kg2 Qxd4 54. Qg3 Qe4+ 55. Kh2 c3 56. Rxe6 c2 57. Rc6 d4 58. Qg6 Kb5 59. Rxb6+ Kc4 60. Rc6+ 0-1

[Event "Tilburg"]
[Site "?"]
[Date "1988.??.??"]
[Round "?"]
[White "Hjartarson, J."]
[Black "Nikolic, Pr"]
[Result "1/2-1/2"]
[WhiteElo "2610"]
[BlackElo "2585"]
[PlyCount "90"]
[EventDate "1988.??.??"]
[Source "ChessBase"]
[SourceDate "1988.07.01"]

1. e4 e6 2. d4 d5 3. Nc3 Bb4 4. e5 c5 5. a3 Bxc3+ 6. bxc3 Qc7 7. Qg4 f6 8. Bb5+ Kf8 9. a4 cxd4 10. Ne2 fxe5 11. cxd4 a6 12. Qf3+ Nf6 13. dxe5 Qxe5 14. Qa3+ Kg8 15. Bd3 Qc7 16. c4 Nc6 17. cxd5 exd5 18. O-O Be6 19. Rb1 Re8 20. Bf4 Qd7 21. Rb6 Bf5 22. Ng3 Bxd3 23. Qxd3 Re6 24. Rfb1 Nd8 25. Rxe6 Nxe6 26. Be5 Ng4 27. Ba1 h5 28. h3 h4 29. Ne2 Nh6 30. a5 Nf7 31. Qb3 Nfd8 32. Rd1 Rh5 33. Qe3 d4 34. Nxd4 Rxa5 35. Bc3 Rd5 36. Rd2 Nxd4 37. Rxd4 Rxd4 38. Bxd4 Ne6 39. Be5 Qd5 40. Kh2 Kf7 41. f4 Nc5 42. Qe2 g6 43. Qg4 Nd3 44. Bc7 Ne1 45. Qe2 Nd3 1/2-1/2

[Event "Open"]
[Site "?"]
[Date "2002.04.13"]
[Round "4"]
[White "Baklan Vladimir"]
[Black "Borovikov Vladislav"]
[Result "1/2-1/2"]
[WhiteElo "2609"]
[BlackElo "2583"]
[PlyCount "35"]
[EventDate "2002.??.??"]
[Source "www.chesslib.no"]
[SourceDate "2004.05.04"]

1. e4 e6 2. d4 d5 3. Nc3 Bb4 4. e5 c5 5. a3 Bxc3+ 6. bxc3 Qc7 7. Qg4 f5 8. Qg3 Ne7 9. Qxg7 Rg8 10. Qxh7 cxd4 11. Ne2 Nbc6 12. Qh5+ Kd8 13. f4 dxc3 14. Be3 Qa5 15. Qh4 b6 16. Qf2 Ba6 17. h4 Kd7 18. Rh3 1/2-1/2

[Event "Open Aeroflot"]
[Site "Mosca RUS"]
[Date "2007.02.14"]
[Round "1"]
[White "Sutovsky, E."]
[Black "Dyachkov, S."]
[Result "1-0"]
[WhiteElo "2629"]
[BlackElo "2554"]
[PlyCount "33"]
[EventDate "2007.02.14"]
[Source "www.chesslib.no"]
[SourceDate "2004.05.04"]

1. e4 e6 2. d4 d5 3. Nc3 Bb4 4. e5 c5 5. a3 Bxc3+ 6. bxc3 Qc7 7. Qg4 f6 8. Bb5+ Kf8 9. Nf3 c4 10. a4 a6 11. Ba3+ Ne7 12. Be8 Qd8 13. Bh5 Nbc6 14. exf6 gxf6 15. Ng5 Qa5 16. O-O f5 17. Qh4 1-0

[Event "Munich"]
[Site "Munich"]
[Date "1990.??.??"]
[Round "?"]
[White "Kindermann, Stefan"]
[Black "Jussupow, Artur"]
[Result "1/2-1/2"]
[WhiteElo "2560"]
[BlackElo "2615"]
[PlyCount "43"]
[EventDate "1990.04.??"]
[Source "ChessBase"]

1. e4 e6 2. d4 d5 3. Nc3 Bb4 4. e5 c5 5. a3 Bxc3+ 6. bxc3 Qc7 7. Qg4 f5 8. Qh5+ Qf7 9. Qxf7+ Kxf7 10. Nf3 cxd4 11. Nxd4 Bd7 12. f4 Ne7 13. Rb1 b6 14. c4 Rc8 15. cxd5 Nxd5 16. Bd2 Nc7 17. Bc4 Ke8 18. O-O Nc6 19. Nf3 Ne7 20. Nd4 Nc6 21. Nf3 Ne7 22. Nd4 1/2-1/2

[Event "It (open)"]
[Site "Maastricht (Netherlands)"]
[Date "2007.05.28"]
[Round "6"]
[White "Kritz Leonid (GER)"]
[Black "Berg Emanuel (SWE)"]
[Result "1/2-1/2"]
[WhiteElo "2593"]
[BlackElo "2574"]
[PlyCount "126"]
[EventDate "2007.??.??"]
[Source "www.chesslib.no"]
[SourceDate "2004.05.04"]

1. e4 e6 2. d4 d5 3. Nc3 Bb4 4. e5 c5 5. a3 Bxc3+ 6. bxc3 Qc7 7. Qg4 f5 8. Qg3 cxd4 9. cxd4 Ne7 10. Ne2 O-O 11. c3 Ng6 12. h4 f4 13. Qg4 Nc6 14. Rh3 Qa5 15. h5 Ncxe5 16. dxe5 Nxe5 17. Qg5 Nf7 18. Qxf4 e5 19. Qb4 Qxb4 20. axb4 Bxh3 21. gxh3 e4 22. Bf4 Rfc8 23. Ra5 b6 24. Rxd5 a5 25. bxa5 bxa5 26. Kd2 a4 27. Kc2 a3 28. Kb1 a2+ 29. Ka1 Nd8 30. Rd2 Ne6 31. Be3 Nc5 32. Rxa2 Rxa2+ 33. Kxa2 Ra8+ 34. Kb1 Nd3 35. Bg2 Rb8+ 36. Ka2 Rb2+ 37. Ka3 Rxe2 38. Bxe4 Nxf2 39. Bd5+ Kh8 40. Bd4 h6 41. Bf3 Re8 42. Bxf2 Rf8 43. Bg4 Rxf2 44. Kb4 Kg8 45. Kc5 Kf7 46. c4 Ke7 47. Kc6 Kd8 48. c5 Rf6+ 49. Kb7 Rf7+ 50. Kb6 Rf1 51. Kc6 Rf6+ 52. Kb7 Ke7 53. Kc7 g6 54. hxg6 Rxg6 55. c6 Rg7 56. Bd7 h5 57. Bc8 Rg3 58. Bd7 Rd3 59. Bf5 Rd5 60. Bd7 Rd3 61. Bf5 Ra3 62. Bd7 Rc3 63. Bc8 Rc5 1/2-1/2

[Event "6. EICC"]
[Site "?"]
[Date "2005.06.26"]
[Round "8"]
[White "Cheparinov Ivan"]
[Black "Gdanski Jacek"]
[Result "1-0"]
[WhiteElo "2621"]
[BlackElo "2544"]
[PlyCount "119"]
[EventDate "2005.??.??"]
[Source "www.chesslib.no"]
[SourceDate "2004.05.04"]

1. e4 e6 2. d4 d5 3. Nc3 Bb4 4. e5 c5 5. a3 Bxc3+ 6. bxc3 Qc7 7. Qg4 f5 8. Qg3 cxd4 9. cxd4 Ne7 10. Bd2 O-O 11. Bd3 b6 12. Ne2 Ba6 13. Nf4 Qd7 14. h4 Bxd3 15. cxd3 Rf7 16. h5 Nbc6 17. Be3 Rc8 18. h6 g6 19. O-O Na5 20. Rac1 Nb3 21. Rxc8+ Qxc8 22. Kh1 b5 23. Rb1 Qc2 24. Rg1 Qc8 25. Rb1 Qc2 26. Rg1 Qc8 27. Qh4 a5 28. g4 a4 29. Qg5 Kh8 30. gxf5 Nxf5 31. Nxe6 b4 32. axb4 a3 33. Nc5 Nxc5 34. bxc5 Nxd4 35. e6 Nxe6 36. Qxd5 Kg8 37. Ra1 Nc7 38. Qe4 Nb5 39. Kg2 Nc3 40. Qe5 Qb7+ 41. Kh2 Nb5 42. Rb1 a2 43. Ra1 Qa8 44. Kg1 Qc8 45. Rxa2 Qg4+ 46. Kh2 Nc7 47. Rb2 Qh4+ 48. Kg2 Qg4+ 49. Qg3 Qc8 50. Rb6 Qd7 51. Rd6 Qe8 52. c6 Nb5 53. Rd5 Nc7 54. Rc5 Qe7 55. Kg1 Rf6 56. d4 Re6 57. Qg5 Qxg5+ 58. Bxg5 Kf7 59. Bf4 Re1+ 60. Kh2 1-0

[Event "Amsterdam"]
[Site "?"]
[Date "1987.??.??"]
[Round "?"]
[White "van der Wiel, J."]
[Black "Chernin, A."]
[Result "1/2-1/2"]
[WhiteElo "2550"]
[BlackElo "2580"]
[PlyCount "59"]
[EventDate "1987.??.??"]
[Source "ChessBase"]
[SourceDate "1987.07.01"]

1. e4 e6 2. d4 d5 3. Nc3 Bb4 4. e5 c5 5. a3 Bxc3+ 6. bxc3 Qc7 7. Qg4 f5 8. Qh5+ Qf7 9. Qd1 Qc7 10. Nf3 Ne7 11. Be2 Bd7 12. a4 Nbc6 13. Ba3 c4 14. h4 Qa5 15. Kd2 f4 16. Qb1 h6 17. h5 Nf5 18. Rh3 O-O-O 19. g4 fxg3 20. fxg3 Nfxd4 21. Nxd4 Nxd4 22. Bb4 Qb6 23. a5 Nf3+ 24. Bxf3 Qf2+ 25. Be2 d4 26. Qg1 dxc3+ 27. Kxc3 Qxe2 28. Bd6 Qf3+ 29. Kb4 Qd5 30. Qc5+ 1/2-1/2

[Event "Mitropa Cup 2008"]
[Site "Olbia ITA"]
[Date "2008.06.28"]
[Round "2.1"]
[White "Baramidze, David"]
[Black "Haba, Petr"]
[Result "1/2-1/2"]
[WhiteElo "2583"]
[BlackElo "2544"]
[PlyCount "103"]
[EventDate "2008.05.25"]
[Source "www.chesslib.no"]
[SourceDate "2004.05.04"]

1. e4 e6 2. d4 d5 3. Nc3 Bb4 4. e5 c5 5. a3 Bxc3+ 6. bxc3 Qc7 7. Nf3 b6 8. Bb5+ Bd7 9. Bd3 Ba4 10. O-O Ne7 11. h4 h6 12. h5 Nd7 13. Re1 O-O-O 14. Bf4 Kb7 15. Ra2 Rc8 16. Nd2 Nc6 17. Qg4 c4 18. Be2 Rcg8 19. Bh2 Qd8 20. Qh3 Nf8 21. Bg4 Rh7 22. Nf1 Ne7 23. Ne3 Ka6 24. Kh1 Qe8 25. Qf3 g6 26. Bh3 gxh5 27. Qxh5 f5 28. Qe2 h5 29. Rb1 Kb7 30. Rb4 Rhg7 31. Nf1 Nh7 32. f4 Nf8 33. Nd2 h4 34. Nf3 Rg4 35. Qf2 Nfg6 36. Ng5 Rxg5 37. fxg5 a5 38. Rb1 Rh8 39. Rab2 Nc8 40. Bf4 Nxf4 41. Qxf4 Qg6 42. Rg1 Ne7 43. Rgb1 Nc8 44. Rg1 Ne7 45. Kh2 Kc6 46. Rgb1 b5 47. Qc1 Rb8 48. Qd2 Qh5 49. Qc1 Ng6 50. Qd2 Qh7 51. Qc1 Qh5 52. Qd2 1/2-1/2

[Event "Pedro Zabala (6eme memorial)"]
[Site "?"]
[Date "2004.10.12"]
[Round "6"]
[White "Karjakin Sergey"]
[Black "Moskalenko Viktor"]
[Result "1-0"]
[WhiteElo "2576"]
[BlackElo "2551"]
[PlyCount "131"]
[EventDate "2004.??.??"]
[Source "www.chesslib.no"]
[SourceDate "2004.05.04"]

1. e4 e6 2. d4 d5 3. Nc3 Bb4 4. e5 c5 5. a3 Bxc3+ 6. bxc3 Qc7 7. Qg4 f5 8. Qg3 cxd4 9. cxd4 Ne7 10. c3 Nbc6 11. Nh3 Ng6 12. Be2 O-O 13. O-O Bd7 14. a4 Rfc8 15. Ba3 Na5 16. Bd6 Qxc3 17. Qxc3 Rxc3 18. Bb4 Rxh3 19. gxh3 Nb3 20. Rad1 Bxa4 21. f4 a5 22. Bd6 Bc6 23. Rf3 a4 24. Kf2 Na5 25. Kg3 Nc4 26. h4 Kf7 27. h5 Ne7 28. Bb4 Ra6 29. Kf2 a3 30. Ra1 Ra4 31. Bc5 b6 32. Bxe7 Kxe7 33. Bxc4 Rxc4 34. Raxa3 Rxd4 35. Ra7+ Kf8 36. Rc7 Be8 37. h6 gxh6 38. Rxh7 Bg6 39. Rb7 Bh5 40. Ra3 Rxf4+ 41. Ke1 Re4+ 42. Kd2 Rxe5 43. Ra8+ Be8 44. Rbb8 Re4 45. Rxe8+ Kf7 46. Rh8 Rh4 47. Rab8 Rxh2+ 48. Ke3 Rh4 49. Rxb6 Kg7 50. Re8 Re4+ 51. Kf3 Kf6 52. Rb1 h5 53. Rh8 h4 54. Rg1 d4 55. Rh6+ Ke5 56. Rh1 Re3+ 57. Kf2 Kd5 58. R1xh4 e5 59. R6h5 Ke6 60. Rh8 f4 61. Rh3 Re4 62. Ra8 Kd5 63. Ra5+ Kc4 64. Rh5 d3 65. Rhxe5 d2 66. Rxe4+ 1-0

[Event "Merrillville 71/303"]
[Site "?"]
[Date "1997.??.??"]
[Round "?"]
[White "Timman, Jan H"]
[Black "Shaked, Tal"]
[Result "1-0"]
[WhiteElo "2625"]
[BlackElo "2500"]
[PlyCount "81"]
[EventDate "1997.??.??"]
[Source "ChessBase"]
[SourceDate "1997.10.01"]

1. e4 e6 2. d4 d5 3. Nc3 Bb4 4. e5 c5 5. a3 Bxc3+ 6. bxc3 Qc7 7. Qg4 f5 8. Qh5+ g6 9. Qd1 Bd7 10. Nf3 Ba4 11. Rb1 Nd7 12. Be2 h6 13. dxc5 Nxc5 14. Rb4 Bd7 15. O-O Ne4 16. Bd3 Ne7 17. Nd4 Nxc3 18. Qe1 Na2 19. Rb3 Nxc1 20. Qxc1 b6 21. Bb5 Kf7 22. a4 Rad8 23. Re1 a6 24. Bxd7 Rxd7 25. Qb2 Rb8 26. Rh3 Ng8 27. Rc3 Qb7 28. Rc6 Re7 29. Rb1 b5 30. axb5 axb5 31. Qc3 b4 32. Qc5 Qa7 33. Nxe6 Qxc5 34. Nxc5 Rb5 35. f4 g5 36. g3 gxf4 37. gxf4 Ra7 38. c3 b3 39. Rxb3 Rxb3 40. Nxb3 Ne7 41. Rf6+ 1-0

[Event "Pardubice Czech op"]
[Site "Pardubice"]
[Date "2002.07.24"]
[Round "6"]
[White "Macieja, Bartlomiej"]
[Black "Berg, Emanuel"]
[Result "1/2-1/2"]
[WhiteElo "2607"]
[BlackElo "2516"]
[PlyCount "113"]
[EventDate "2002.07.19"]
[Source "ChessBase"]
[SourceDate "2002.09.11"]

1. e4 e6 2. d4 d5 3. Nc3 Bb4 4. e5 c5 5. a3 Bxc3+ 6. bxc3 Qc7 7. Qg4 f5 8. Qh5+ g6 9. Qd1 Bd7 10. Nf3 Ba4 11. dxc5 Nd7 12. Qd4 Nxc5 13. Be3 b6 14. Bd3 h6 15. O-O g5 16. Qb4 Bd7 17. c4 Ne7 18. a4 O-O 19. h3 Rac8 20. a5 f4 21. axb6 axb6 22. Bxc5 bxc5 23. Qa5 Nc6 24. Qe1 Nb4 25. cxd5 exd5 26. Qd2 Be6 27. c3 Nc6 28. Rfe1 Ra8 29. Rxa8 Rxa8 30. Bb1 Ne7 31. Nh2 Qd7 32. Ng4 Kg7 33. Nf6 Qb5 34. Bd3 c4 35. Rb1 Qc6 36. Be2 Bf5 37. Rd1 Ra5 38. Bf3 Bd3 39. Be2 Bf5 40. Nh5+ Kf7 41. Qd4 Be6 42. Bg4 Qc5 43. Qd2 Qc8 44. Re1 Ra6 45. f3 Bxg4 46. hxg4 Qg8 47. Nf6 Qa8 48. Kh2 Ke6 49. Qb2 Qa7 50. Qb5 Rb6 51. Qc5 Ra6 52. Qb5 Rb6 53. Qc5 Ra6 54. Qb5 Rb6 55. Qc5 Ra6 56. Qb5 Rb6 57. Qc5 1/2-1/2

[Event "Buenos Aires"]
[Site "Buenos Aires ARG"]
[Date "1992.??.??"]
[Round "?"]
[White "Polgar, Judit"]
[Black "Morovic Fernandez, Ivan E"]
[Result "0-1"]
[WhiteElo "2550"]
[BlackElo "2565"]
[PlyCount "112"]
[EventDate "1992.04.??"]
[Source "www.chesslib.no"]
[SourceDate "2004.05.04"]

1. e4 e6 2. d4 d5 3. Nc3 Bb4 4. e5 c5 5. a3 Bxc3+ 6. bxc3 Qc7 7. Qg4 f5 8. Qh5+ g6 9. Qd1 Bd7 10. Nf3 Ba4 11. Bd3 cxd4 12. cxd4 Qc3+ 13. Bd2 Qxd3 14. cxd3 Bxd1 15. Kxd1 Nc6 16. Rb1 b6 17. Rc1 Kd7 18. h4 h6 19. Ke2 Nge7 20. Rc2 Rac8 21. Rhc1 Nd8 22. Rxc8 Nxc8 23. a4 Ne7 24. Be3 Nf7 25. a5 Nc6 26. axb6 axb6 27. Ra1 g5 28. g3 Rg8 29. Kd2 Kc7 30. Kc3 Kb7 31. Kb2 Kc7 32. Kc3 Kb7 33. Kb2 f4 34. gxf4 g4 35. Nd2 Ne7 36. Nf1 Nf5 37. Ng3 Nd8 38. Rg1 Nc6 39. Nxf5 exf5 40. h5 Nd8 41. Rg3 Nc6 42. Kc3 Ra8 43. f3 gxf3 44. Kb2 b5 45. Rg6 b4 46. e6 Kc7 47. Rxh6 Ra3 48. Rh7+ Kd6 49. Rh6 Rxd3 50. e7+ Kxe7 51. Rxc6 Rxe3 52. Rc7+ Kf6 53. h6 f2 54. h7 Rh3 55. Rc1 Kg7 56. Rf1 Rf3 0-1

[Event "Corus C"]
[Site "Wijk aan Zee NED"]
[Date "2008.01.12"]
[Round "1"]
[White "Nijboer, F."]
[Black "Braun, A."]
[Result "0-1"]
[WhiteElo "2578"]
[BlackElo "2536"]
[PlyCount "78"]
[EventDate "2008.01.12"]
[Source "www.chesslib.no"]
[SourceDate "2004.05.04"]

1. e4 e6 2. d4 d5 3. Nc3 Bb4 4. e5 c5 5. a3 Bxc3+ 6. bxc3 Qc7 7. Qg4 f5 8. Qh5+ g6 9. Qd1 Bd7 10. Bd3 Ba4 11. Bd2 Nd7 12. Nf3 h6 13. h4 O-O-O 14. Rh3 Nb6 15. dxc5 Nd7 16. c6 Bxc6 17. Kf1 Nc5 18. a4 Ne4 19. Be3 Ne7 20. Qc1 g5 21. hxg5 hxg5 22. Bxg5 Rxh3 23. gxh3 Rh8 24. h4 Ng6 25. Qe3 Kb8 26. a5 Rh5 27. Bxe4 dxe4 28. Nd4 Bd5 29. Qg3 e3 30. Bxe3 Qc4+ 31. Ne2 Rxh4 32. f3 Rh1+ 33. Bg1 Ne7 34. Qf4 Rxg1+ 35. Kxg1 Qxe2 36. Rf1 Bc4 37. Rf2 Qe1+ 38. Kg2 Nd5 39. Qh4 a6 0-1

[Event "Corr"]
[Site "?"]
[Date "1996.11.01"]
[Round "?"]
[White "Vitomskis Janis"]
[Black "Prizant Michael (ENG)"]
[Result "1-0"]
[WhiteElo "2595"]
[BlackElo "2515"]
[PlyCount "63"]
[EventDate "1996.??.??"]
[Source "www.chesslib.no"]
[SourceDate "2004.05.04"]

1. e4 e6 2. d4 d5 3. Nc3 Bb4 4. e5 c5 5. a3 Bxc3+ 6. bxc3 Qc7 7. Nf3 b6 8. Bb5+ Bd7 9. Bd3 Ne7 10. Bf4 h6 11. h4 Ba4 12. O-O Nd7 13. Re1 O-O-O 14. h5 Kb7 15. Qd2 Rc8 16. Ra2 Ka8 17. Be3 Nc6 18. dxc5 Nxc5 19. Bxc5 bxc5 20. c4 Na5 21. cxd5 exd5 22. Raa1 Bc6 23. Qf4 f6 24. Qg4 fxe5 25. Nxe5 Bb7 26. Bf5 Rcd8 27. Ng6 Rhe8 28. Nf4 Rxe1+ 29. Rxe1 Nc4 30. Ne6 Qe7 31. Qg3 Nd6 32. Re5 1-0

[Event "Intl"]
[Site "?"]
[Date "2004.12.30"]
[Round "2"]
[White "Efimenko Zahar"]
[Black "Pert Nicholas"]
[Result "1/2-1/2"]
[WhiteElo "2594"]
[BlackElo "2501"]
[PlyCount "274"]
[EventDate "2004.??.??"]
[Source "www.chesslib.no"]
[SourceDate "2004.05.04"]

1. e4 e6 2. d4 d5 3. Nc3 Bb4 4. e5 c5 5. a3 Bxc3+ 6. bxc3 Qc7 7. Qg4 f5 8. Qg3 Ne7 9. Qxg7 Rg8 10. Qxh7 cxd4 11. Qh5+ Kd8 12. Kd1 Bd7 13. Ne2 dxc3 14. Qf3 Nbc6 15. Qxc3 Nxe5 16. Qxc7+ Kxc7 17. h4 Bb5 18. h5 N7c6 19. h6 Bxe2+ 20. Kxe2 Nd4+ 21. Kd2 Rg6 22. Bb2 Nec6 23. Rd1 Rh8 24. Kc1 e5 25. h7 Rg7 26. f4 Rgxh7 27. Rxh7+ Rxh7 28. fxe5 Rh4 29. g3 Rg4 30. Bg2 Ne2+ 31. Kd2 Rxg3 32. Bxd5 Nf4 33. Bf7 Kd7 34. Rf1 Rg4 35. Rh1 Ne6 36. Rh6 Ncd8 37. Bg6 Rg2+ 38. Kc3 Ng7 39. Bh7 Nde6 40. Rf6 Rg3+ 41. Kb4 Rg4+ 42. Kb3 Rg3+ 43. Kb4 Rg2 44. Bc1 Rxc2 45. Bh6 Rg2 46. Bg6 Rg4+ 47. Kc3 Rg3+ 48. Kb2 Rg2+ 49. Kc1 b5 50. Bxg7 Nxg7 51. Rf7+ Ke6 52. Rxg7 Kxe5 53. Rg8 Kd4 54. Rd8+ Kc3 55. Rc8+ Kb3 56. Be8 Kxa3 57. Bxb5 a5 58. Bd3 f4 59. Rc3+ Kb4 60. Rc4+ Kb3 61. Rxf4 a4 62. Rf3 Kb4 63. Bc2 Rg4 64. Kb2 Rc4 65. Rf8 a3+ 66. Kc1 Rc5 67. Rf2 Rc4 68. Kb1 Rc3 69. Ka2 Rc4 70. Ka1 Rc3 71. Bb1 Rc4 72. Rf8 Rc5 73. Rb8+ Rb5 74. Rh8 Rg5 75. Rh4+ Kb3 76. Ba2+ Kc3 77. Rc4+ Kd3 78. Ra4 Kc2 79. Rc4+ Kd3 80. Rc8 Rg2 81. Bb1+ Kd4 82. Ra8 Rg3 83. Ka2 Kc5 84. Rb8 Rf3 85. Bc2 Rc3 86. Bb3 Kd4 87. Kxa3 Rc7 88. Kb4 Rd7 89. Bc4 Rd6 90. Bb5 Ke5 91. Rh8 Rd4+ 92. Kc3 Rf4 93. Bd3 Rg4 94. Rh5+ Kd6 95. Ra5 Rh4 96. Bc4 Rh3+ 97. Kb4 Rh8 98. Rd5+ Ke7 99. Rf5 Kd6 100. Ra5 Rb8+ 101. Kc3 Rh8 102. Rd5+ Kc6 103. Re5 Kd6 104. Re6+ Kc5 105. Ra6 Rh3+ 106. Bd3 Rh4 107. Ra5+ Kd6 108. Bf5 Rf4 109. Kd3 Rb4 110. Be4 Rb1 111. Kc4 Rb8 112. Bf5 Rb6 113. Bd3 Ke7 114. Ra7+ Kf6 115. Kd5 Rb8 116. Kd4 Rd8+ 117. Ke4 Re8+ 118. Kf4 Ke6 119. Be4 Rf8+ 120. Ke  Rb8 121. Ra6+ Ke5 122. Ra5+ Kd6 123. Bd5 Rb1 124. Bc4 Rd1 125. Rh5 Rg1 126. Bd3 Rg4 127. Be4 Rg1 128. Kd4 Rd1+ 129. Bd3 Re1 130. Ra5 Rd1 131. Ra6+ Ke7 132. Ke3 Re1+ 133. Kf4 Rd1 134. Bf5 Rd6 135. Ra8 Rb6 136. Rh8 Kd6 137. Be4 Rb5 1/2-1/2

[Event "Finjub30 GM2"]
[Site "Finjub30 GM2"]
[Date "1992.??.??"]
[Round "?"]
[White "Richardson, Keith B"]
[Black "Kujala, Auvo"]
[Result "0-1"]
[WhiteElo "2495"]
[BlackElo "2600"]
[PlyCount "40"]
[EventDate "1992.??.??"]
[Source "www.chesslib.no"]
[SourceDate "2004.05.04"]

1. e4 e6 2. d4 d5 3. Nc3 Bb4 4. e5 c5 5. a3 Bxc3+ 6. bxc3 Qc7 7. Qg4 f5 8. Qh5+ g6 9. Qd1 Bd7 10. Nf3 Ba4 11. c4 Ne7 12. Be2 Nbc6 13. O-O h6 14. cxd5 Nxd5 15. Qd3 cxd4 16. Qc4 b5 17. Qd3 Qb6 18. Nh4 Kf7 19. Re1 Qc5 20. Qg3 Nce7 0-1

[Event "LXI Lega superiore camp. russo"]
[Site "Novokuznetsk RUS"]
[Date "2008.09.08"]
[Round "6"]
[White "Shomoev, A."]
[Black "Kornev, Alexei"]
[Result "1/2-1/2"]
[WhiteElo "2566"]
[BlackElo "2523"]
[PlyCount "154"]
[EventDate "2008.09.03"]
[Source "www.chesslib.no"]
[SourceDate "2004.05.04"]

1. e4 e6 2. d4 d5 3. Nc3 Bb4 4. e5 c5 5. a3 Bxc3+ 6. bxc3 Qc7 7. Qg4 f5 8. Qg3 Ne7 9. Qxg7 Rg8 10. Qxh7 cxd4 11. Ne2 dxc3 12. Qh5+ Kd8 13. Bg5 Qxe5 14. f4 Qe4 15. h4 Qxc2 16. Qf7 Re8 17. Rh3 Qd2+ 18. Kf2 d4 19. Kg1 c2 20. Kh2 Nbc6 21. Nxd4 Qxd4 22. Rd3 Bd7 23. Rxd4 Nxd4 24. Rc1 Rc8 25. Bd3 Rc3 26. Bxc2 Rxc2 27. Rxc2 Nxc2 28. h5 Ne3 29. h6 Ng4+ 30. Kg3 Nxh6 31. Bxh6 Kc8 32. Bg7 Nc6 33. Bf6 e5 34. Bxe5 Nxe5 35. fxe5 Rxe5 36. Kf2 a6 37. Qf6 Re8 38. Qf7 Re6 39. Qf8+ Kc7 40. Qc5+ Kb8 41. Qf8+ Bc8 42. Qc5 Rc6 43. Qd4 b6 44. Qg7 Rc5 45. g3 Bb7 46. Ke3 Ka7 47. Kd2 Ra5 48. Qf8 Rd5+ 49. Kc3 Re5 50. Kd2 Rc5 51. Qg7 Rd5+ 52. Kc3 Rd1 53. Qe5 Rf1 54. Qd6 Rf3+ 55. Kb2 a5 56. Qe5 Rf2+ 57. Kb3 Ka6 58. Qd6 a4+ 59. Kc3 Rf3+ 60. Kd2 Rb3 61. Ke2 Be4 62. Kf2 Bb7 63. Ke2 Ka7 64. Kf2 Rc3 65. Qb4 Rf3+ 66. Ke2 Rxg3 67. Qxa4+ Ba6+ 68. Kf2 Rd3 69. Qe8 Rd5 70. Ke3 Ra5 71. Kf4 Bb7 72. Qe7 Rc5 73. Qd7 Rd5 74. Qe7 Rb5 75. Qd6 Rd5 76. Qe7 Ka6 77. Qe2+ Ka7 1/2-1/2